Statistics for Austin - Dasha - All Lyrics

Click here to take the quiz!

General Stats

  • This quiz has been taken 38 times
  • The average score is 226 of 325

Answer Stats

Answer% Correct
oh-oh
100%
boots
95%
I
95%
ya
95%
you
95%
you,
95%
you?
95%
a
90%
And
90%
and
90%
(Did
90%
Did
90%
did
90%
out?)
90%
out?
90%
out)
90%
out
90%
stop
90%
workin'?
90%
your
90%
break
86%
down?
86%
down)
86%
down
86%
down?)
86%
(Ex
86%
ex
86%
(Truck
86%
truck
86%
be
81%
find
81%
the
81%
We
81%
we
81%
burn
76%
money?
76%
there
76%
to
76%
Austin
71%
In
71%
in
71%
(In
71%
it
71%
of
71%
shit
71%
through
71%
What
71%
what
71%
where
71%
Where
71%
back
67%
back?
67%
damn
67%
for
67%
never
67%
on
67%
up
67%
Was
67%
was
67%
way
67%
Were
67%
whiskey
67%
all
62%
cans
62%
car,
62%
Drunk
62%
Empty
62%
forgotten
62%
here
62%
I'm
62%
it's
62%
LA
62%
me
62%
my
62%
will,
62%
you'll
62%
about
57%
alibi?
57%
(Alibi)
57%
baby
57%
bring
57%
come
57%
damned,
57%
forty
57%
get
57%
go
57%
Go
57%
Got
57%
guitar
57%
gut
57%
had
57%
I'll
57%
lately
57%
made
57%
pack
57%
packed
57%
plan
57%
plan,
57%
smokin'
57%
still
57%
talked
57%
that's
57%
then
57%
there's
57%
this
57%
town,
57%
What’s
57%
years
57%
around
52%
believin'
52%
bluff,
52%
fight)
52%
fight?
52%
flowin'?
52%
goin'
52%
Hell
52%
How
52%
how
52%
hunch
52%
I’d
52%
Just
52%
leavin'?
52%
loved
52%
many
52%
months
52%
move
52%
porch
52%
sand,
52%
tragic,
52%
washed
52%
alone,
48%
Bad
48%
But
48%
Didn’t
48%
even
48%
goodbye
48%
happened?
48%
knew
48%
lost
48%
morn'
48%
Sat
48%
say
48%
snuck
48%
sure
48%
throughout
48%
we'd
48%
wish
48%
at
43%
batshit?
43%
caused
43%
habits?
43%
home,
43%
nerves
43%
'til
43%
waited
43%
West
43%
dawn,
38%
Jane
38%
songs
38%
weren't
38%
First
33%
thing
33%
you'd
33%
queue
24%

Score Distribution

Percentile by Number Answered

Percent of People with Each Score

Your Score History

You have not taken this quiz